ბათუმის შოთა რუსთაველის სახელმწიფო უნივერსიტეტის ბიბლიოთეკა

სამართლის რეფორმა საქართველოში : (ბიბ.ჩანაწერი № 59496)

000 -ლიდერი
ფიქსირებული სიგრძის საკონტროლო ველი 01321nam a22002177a 4500
003 - საკონტროლო ნომრის იდენტიფიკატორი
საკონტროლო ველი Ge_BSU
005 - ბოლო ოპერაციის თარიღი და დრო
საკონტროლო ველი 20230301112927.0
008 - ფიქსირებული სიგრძის მონაცემთა ელემენტები - ზოგადი ინფორმაცია
ფიქსირებული სიგრძის საკონტროლო ველი 230301s1994 ge ||||| |||| 00| 0 geo d
020 ## - წიგნის საერთაშორისო სტანდარტული ნომერი
International Standard Book Number 55110006262
041 ## - ენის კოდი
Language code of text/sound track or separate title geo
080 ## - უნივერსალური ათობითი კლასიფიკაციის ინდექსი
Universal Decimal Classification number 347.99.021.8(479.22) ს-21
245 ## - ცნობა სათაურის შესახებ
Title სამართლის რეფორმა საქართველოში :
Remainder of title 1994 წლის 23-25 მაისს თბილისში გამართული საერთ. კონფერენციის მასალები /
Statement of responsibility, etc გამომცემლები სერგო ჯორბენაძე, როლფ კნიპერი, ლადო ჭანტურია.
264 ## - წარმოების, გამოცემის, დისტრიბუციის და სხვა ცნობები
გამოცემის, წარმოების, დისტრიბუციის... ადგილი თბილისი :
გამოცემის, წარმოების, დისტრიბუციის... სახელწოდება თბილ. უნ-ტის გამ-ბა,
გამოცემის, წარმოების, დისტრიბუციის... თარიღი 1994.
300 ## - ფიზიკური აღწერა
Extent 500გვ. ;
Other physical details 20სმ.
501 ## - შენიშვნა თანმხლებ მასალაზე
With note პარალ. თავფ. გერმ. ენ.
653 ## - INDEX TERM--UNCONTROLLED
Uncontrolled term სასამართლო რეფორმა საქართველოში
700 ## - ADDED ENTRY--PERSONAL NAME
Personal name ჯორბენაძე, სერგო
Relator term გამომცემელი
9 (RLIN) 4014
700 ## - ADDED ENTRY--PERSONAL NAME
Personal name კნიპერი, როლფ
Relator term გამომცემელი
9 (RLIN) 17084
700 ## - ADDED ENTRY--PERSONAL NAME
Personal name ჭანტურია, ლადო
Relator term გამომცემელი
9 (RLIN) 17085
942 ## - ADDED ENTRY ELEMENTS (KOHA)
Source of classification or shelving scheme
Koha item type წიგნი
ეგზემპლარები
ჩამოწერის სტატუსი დაკარგული ეგზემპლარის სტატუსი კლასიფიკაციის წყარო ან თაროზე გაწყობის სქემა დაზიანების სტატუსი არ გაიცემა მუდმივი მდებარეობა (დაცვის ადგილი) ამჟამინდელი ადგილსამყოფელი თაროზე განთავსების ადგილი შეძენის თარიღი ღირებულება, შესყიდვის ნორმალური ფასი სრული შენახვის შიფრი შტრიხკოდი ბოლო ოპერაციის თარიღი ეგზემპლარის მიმდევრობითი ნომერი (კეტერი?) ფასის ძალაში შესვლის თარიღი ეგზემპლარის სახეობა საჯარო შენიშვნა
          ბათუმის შოთა რუსთაველის სახელმწიფო უნივერსიტეტის მთავარი ბიბლიოთეკა ბათუმის შოთა რუსთაველის სახელმწიფო უნივერსიტეტის მთავარი ბიბლიოთეკა წიგნსაცავი 2023-03-01 8.00 347.99.021.8(479.22) ს-21 63944 2023-03-01 63944 2023-03-01 წიგნი 8 ლ.